000 00217nam a2200097Ia 4500
008 170619s9999 xx 000 0 und d
100 _aSpiegel M R
245 0 _aComplex Variables
260 _bNew Delhi: MGH
260 _c2002
546 _aENGLISH
999 _c16586
_d16586